| 000 | 00915nam a22002658a 4500 | ||
|---|---|---|---|
| 001 | 015679008 | ||
| 003 | Uk | ||
| 005 | 20120229090711.0 | ||
| 008 | 101022s2011 nyu 000 0 eng|d | ||
| 020 | _a1429269030 | ||
| 020 | _a9781429269032 | ||
| 082 | 0 | 4 |
_a337 _222 _bFEE |
| 100 | 1 |
_aFeenstra, Robert C. _930250 |
|
| 245 | 1 | 0 |
_aInternational Economics / _cRobert Christopher Feenstra, Alan M. Taylor. |
| 250 | _a2nd ed., International ed. | ||
| 260 |
_aNew York : _bWorth ; _aBasingstoke : _bPalgrave [distributor], _cc2012. |
||
| 263 | _a201102 | ||
| 300 | _a1 v. (various pagings). | ||
| 500 | _aOriginally published: 2008. | ||
| 650 | 0 |
_aInternational economic relations. _930251 |
|
| 653 |
_bEco _cJune2012 |
||
| 700 | 1 |
_aTaylor, Alan M., _d1964- _930252 |
|
| 942 |
_2ddc _cBB |
||
| 999 |
_c16800 _d16800 |
||